01554 a2200217 4500003000500000005001700005010001700022020003100039040000900070082001400079100002400093245010600117250001200223260005500235300000900290505088200299650003601181650004001217650005701257700002201314Nust20231106114348.0 a 2009051628 a9780071633758 (alk. paper) cNust00a005.8,CON1 aConklin, Wm. Arthur10aPrinciples of computer security :bCompTIA security+ and beyond /cWm. Arthur Conklin, Gregory White. a2nd ed. aSan Francisco, CA :bMcGraw-Hill Companies,c2010. a665p aIntoduction and security trends (Page-1), General security concepts (Page-19), Operational organizational security (Page-43), The role of people in security (Page-63), Cryptography (Page-77), Public key infrastructure (Page-107), Standards and protocols (Page-153), The impact of physical security on network security (Page-181), Network fundamentals (Page-195), Infrastructure security (Page-215), Remote access (Page-257), Wireless and instant messaging (Page-287), Intrusion detection system (Page-309), Security baselines (Page-337), Attacks and malware (Page-395), E-mail (Page-423), Web components (Page-439), Software development (Page-469), Disaster recovery ,business continuity and organizational policies (Page-483), Risk management (Page-511), Change management (Page-533), Previlege management (Page-549), Computer forensics (Page-569),Security and Law (Page-587). 0aComputer networksxExaminations 0aComputer techniciansxCertification 0aElectronic data processing personnelxCertification.1 aWhite, Gregory B.